• 首页
  • 本馆介绍
  • 公告通知
  • 最新文献
  • 馆藏检索
  • 电子资源
  • 读者导购
  • 参考咨询
  • 我的图书馆
  • 登录
  • 详细信息显示
  • 放入我的书架
  • 预约/预借图书
  • 作者相关作品
  • 分类相关作品
  • 丛书相关作品
  • 出版社相关作品

书目信息

  • 表格格式
  • 工作单格式
  • 卡片格式
题名:
妈妈育儿指南
    
 
作者: ;中央人民广播电台科技组 , 科学普及出版社编辑部 编
分册:  
出版信息: 北京   科学普及出版社  1980
页数: 156页
开本: 19cm
丛书名:
单 册:
中图分类: R17
科图分类:
主题词: 妇幼卫生
电子资源:
ISBN:
000 00837nam0 2200241 45
001 0180009442
005 20060109162650.31
010    @dCNY0.44
091    @a14051.1012
100    @a19950607d1980 em y0chiy0121 ea
101 0  @achi
102    @aCN@b110000
105    @ay z 000yy
200 10 @a妈妈育儿指南@Ama ma yu er zhi nan@f中央人民广播电台科技组,科学普及出版社编辑部编@Fzhong yang ren min guang bo dian tai ke ji zu,ke xue pu ji chu ban she bian ji bu bian
210    @a北京@c科学普及出版社@d1980
215    @a156页@d19cm
606 0  @a妇幼卫生
690    @aR17
711  0 @a中央人民广播电台科技组@Azhong yang ren min guang bo dian tai ke ji zu@4编
711  0 @a科学普及出版社编辑部@Ake xue pu ji chu ban she bian ji bu@4编
801  2 @aCN@bNLC@c20060109
801  0 @aCN@b上海图书馆@c20040521
905    @f1@b37757@dR17@e2
    
    妈妈育儿指南/中央人民广播电台科技组,科学普及出版社编辑部编.-北京:科学普及出版社,1980
    156页;19cm
    
    
    ISBN :CNY0.44
    
●
相关链接 在E读中查询图书 在五车中查询图书 在当当中查询图书 在豆瓣中查询图书


正题名:妈妈育儿指南     索取号:R17/2         预约/预借

序号 登录号 条形码 馆藏地/架位号 状态 备注
1 0037756   202187463   密集书库/ [索取号:R17/2] 在馆    
2 0037757   000707248   第二样本阅览室/ [索取号:R17/2] 在馆    
唐山师范学院图书馆 欢迎您!
大连网信软件有限公司© 版权所有